<?xml version="1.0" encoding="UTF-8"?>
<record
    xmlns:xsi="http://www.w3.org/2001/XMLSchema-instance"
    xsi:schemaLocation="http://www.loc.gov/MARC21/slim http://www.loc.gov/standards/marcxml/schema/MARC21slim.xsd"
    xmlns="http://www.loc.gov/MARC21/slim">

  <leader>01761nam a2200229Ia 4500</leader>
  <controlfield tag="001">c182-45488 </controlfield>
  <controlfield tag="003">IT-MiCISF</controlfield>
  <controlfield tag="008">161014s9999||||xx |||||||||||||| ||und||</controlfield>
  <datafield tag="040" ind1=" " ind2=" ">
    <subfield code="a">IT-MiCISF</subfield>
    <subfield code="c">IT-MiCISF</subfield>
  </datafield>
  <datafield tag="041" ind1=" " ind2=" ">
    <subfield code="a">it</subfield>
  </datafield>
  <datafield tag="100" ind1=" " ind2=" ">
    <subfield code="a">Fabroncini Cinzia</subfield>
  </datafield>
  <datafield tag="245" ind1=" " ind2="0">
    <subfield code="a">Primi passi nell'adozione</subfield>
    <subfield code="b">L'incontro con il bambino nel Paese d'origine</subfield>
  </datafield>
  <datafield tag="250" ind1=" " ind2=" ">
    <subfield code="a">1a ed.</subfield>
  </datafield>
  <datafield tag="260" ind1=" " ind2=" ">
    <subfield code="a"> Gardolo (TN)</subfield>
    <subfield code="b">Erickson</subfield>
    <subfield code="c">2008</subfield>
  </datafield>
  <datafield tag="300" ind1=" " ind2=" ">
    <subfield code="a">pp. 134</subfield>
  </datafield>
  <datafield tag="500" ind1=" " ind2=" ">
    <subfield code="a"> / adozione-internazionale, rapporti-genitori-figli, bambini-adottivi, psicologia / Il testo, rivolto ai genitori adottivi, &#xE8; incentrato sull'esperienza di coppie adottive italiane e sulla rilettura di uno dei momenti pi&#xF9; delicati e significativi del percorso: il primo incontro con il figlio adottivo nel Paese d'origine. La prima sezione, denominata &#xAB;Dossier&#xBB;, raccoglie l'esperienza, lo studio e l'ascolto di questi piccoli protagonisti, mentre le sezioni &#xAB;Identikit&#xBB; e &#xAB;Zoom&#xBB; suggeriscono alcune chiavi di riflessione e di sintesi per guidare gli adulti nella rappresentazione ed esplorazione delle condizioni emotive dei bambini abbandonati. I contenuti sono presentati tenendo conto delle fasce di et&#xE0; dei bambini, nonch&#xE9; delle condizioni di istituzionalizzazione. La quarta sezione, &#xAB;Album&#xBB;, &#xE8; una proposta pedagogica composta da tavole illustrate e schede operative per sostenere i primi passi del bambino verso i suoi genitori adottivi. Una parte del testo &#xE8; dedicata a chi ha gi&#xE0; figli (sia adottivi che biologici) e si appresta ad accogliere un'altra adozione, con spunti sia per la coppia che per i fratelli in attesa.</subfield>
  </datafield>
  <datafield tag="650" ind1=" " ind2=" ">
    <subfield code="a"> Dinamiche familiari / adozione-affido</subfield>
    <subfield code="e">001</subfield>
  </datafield>
  <datafield tag="700" ind1=" " ind2=" ">
    <subfield code="a">Niro M.Teresa</subfield>
  </datafield>
  <datafield tag="700" ind1=" " ind2=" ">
    <subfield code="a">Pavese Irene</subfield>
  </datafield>
  <datafield tag="942" ind1=" " ind2=" ">
    <subfield code="c">BK</subfield>
  </datafield>
  <datafield tag="957" ind1=" " ind2=" ">
    <subfield code="7">1</subfield>
  </datafield>
  <datafield tag="999" ind1=" " ind2=" ">
    <subfield code="a">45488</subfield>
    <subfield code="b">si</subfield>
    <subfield code="g">1</subfield>
    <subfield code="c">209499</subfield>
    <subfield code="d">209499</subfield>
  </datafield>
  <datafield tag="952" ind1=" " ind2=" ">
    <subfield code="0">0</subfield>
    <subfield code="1">0</subfield>
    <subfield code="4">0</subfield>
    <subfield code="6">C_18245488</subfield>
    <subfield code="7">1</subfield>
    <subfield code="a">CISF</subfield>
    <subfield code="b">CISF</subfield>
    <subfield code="d">2016-10-14</subfield>
    <subfield code="l">0</subfield>
    <subfield code="o">c182-45488 </subfield>
    <subfield code="r">2016-10-14 00:00:00</subfield>
    <subfield code="w">2016-10-14</subfield>
    <subfield code="y">BK</subfield>
    <subfield code="z">Data import 15.10.2016 / by Epidotti, Vaglietti</subfield>
  </datafield>
</record>
